000 014660000a22002770004500
003 EG-GICUC
005 20250223025257.0
008 080519s2006 ua d f m 000 0 ara d
040 _aEG-GICUC
_bara
_cEG-GICUC
041 0 _aara
049 _aاهداء
097 _aدكتوراه
099 _aCai01.05.06.Ph.D.2006.ام.ق
100 0 _aامال ضيف بسيونى يوسف
245 1 2 _aالقدرة التنافسية للاقتصاد المصرى فى ظل اتفاقية الجات :
_bدراسة تطبيقية على القطاع الصناعى مع التركيز على صناعة الغزل والنسيج /
_cآمال ضيف بسيونى يوسف ؛ اشراف محمود عبدالحى صلاح : فتحى ابوالفضل
246 1 5 _aThe competitive ability of the Egyptian economy under the GATT agreement :
_bAn applied study on the industry sector with emphasis on textiles and apparel industry
260 _aبورسعيد :
_bآمال ضيف بسيونى يوسف :
_c2006
300 _a485 : 198ص :
_bرسوم بيانية ؛
_c25سم
502 _aاطروحة (دكتوراه) - جامعة قناة السويس - كلية التجارة ببورسعيد - قسم الاقتصاد
700 0 _aفتحى ابوالفضل :
_eمشرف
700 0 _aمحمود عبدالحى صلاح :
_eمشرف
856 _uhttp://172.23.153.220/th.pdf
905 _aFatma
_eCataloger
905 _aNazla
_eRevisor
942 _2ddc
_cTH
999 _c9495
_d9495